000 01520nam0a2200349 i 4500
001 RU\NLR\BIBL_A\010524362
005 20241104145316.0
010 _a9785900994482
_9500
021 _aRU
_b2014-63291
_93856
035 _a(NILC)RuMoRGB-007540889
035 _a(NLR Aleph) 010524362
090 _a10228174
_c10228174
100 _a20141106d2014 u y0rusy50 ca
101 0 _arus
102 _aRU
105 _aach|z|||001yy
200 1 _aТоргово-промышленная палата Ивановской области: вехи истории
_fОколотин В. С., Сироткин А. С.
210 _aИваново
_cА-Гриф
_d2014
215 _a222, [1] с.
_cил., цв. ил., портр., факс.
_d30
300 _aНа 4-й с. обл. авт.: Околотин В. С. - к.ист.н., Сироткин А. С. - доц.
320 _aБиблиогр. в подстроч. примеч.
320 _aДр. произведения авторов на 4-й с. обл.
601 0 2 _aТоргово-промышленная палата Ивановской области
_92227516
_3RU\NLR\AUTH\6601569904
686 1 _aУ30(2)л53
686 1 _aУ9(2)-13(2Р-4И)
700 1 _aОколотин
_bВ. С.
_f1956-
_gВладимир Сергеевич
701 1 _aСироткин
_bА. С.
_f1980-
_gАлексей Сергеевич
801 0 _aRU
_bРГБ
_c20140822
_gRCR
942 _cBOOK
980 _aNBR